00545nam a22001817a 4500999001900000005001700019010001500036020002600051035001400077037001300091082001100104100002300115245006300138260006200201270005400263300002100317942002500338 c196771d19677120230727111853.0 aENG-137601 a9788192156101c200.00 aEN-121133 bDBAD/PUB a291.21 aBISHNOI,AJIT KUMAR aSPIRITUAL SENSE cby AJIT KUMAR BISHNOIhENGbTHE CONCEPTS a Vasant Vihar, New DelhibSri Narayana Publicationsc2011 a14-E, Basant Lok, Vasant ViharbNew Delhie110057 a212p.c21cm(pbk) 2ddccENh291.21kBIS